000 003250000a22001450004500
003 MACL
040 _aMACL
090 _c3632
_d3632
100 _aGanjpathy, T.N.
245 _aThe Philosophy of the Tamil Siddhas
260 _bIndian Council For cultural
_c1993
350 _a140
650 _aPhilisophy
942 _cBOOK
_k100
999 _c3610
_d3610